NRW nach Buchstabe - P - Statistiken

Allgemein
  • Dieses Quiz wurde 60 mal gespielt
  • Das Durchschnittsergebnis liegt bei 10 aus 20
Antwortstatistiken
Hint Antwort % Korrekt
Stadt in Ostwestfalen mit Dom und Kaiserpfalz Paderborn
98%
Bezeichnung für das Ruhrgebiet Pott
94%
Nach dem Wiener Kongress war fast ganz NRW Teil dieses Königreiches Preußen
94%
Die Zentrale dieses Versandunternehmen befindet sich in Bonn. Deutsche... Post
80%
Beliebtester Freizeitpark NRWs in Brühl bei Köln Phantasialand
75%
Viele Menschen aus diesem Land migrierten insbesondere ins Ruhrgebiet und prägten die Alltagssprache (Motteck, Schmakofatz) Polen
75%
Aachener Lebkuchen-Spezialität Printe
69%
Rechtsrheinischer Stadtbezirk im Süden von Köln Porz
65%
Der Ratinger Hof in Düsseldorf mit Bands wie Fehlfarben und den Toten Hosen war eine wichtige deutsche Keimzelle dieser Musikrichtung Punk
53%
Stadt am Weserdurchbruch unter großem Kaiserdenkmal Porta Westfalica
45%
Schauspieler, der den Münsteraner Tatortkommissar Frank Thiel spielt Axel Prahl
35%
Großes EDM-Festival in Weeze am Niederrhein Parookaville
35%
Stadt westlich von Köln, Wohnort von Erich Ribbeck und Jan Böhmermann Pulheim
35%
Werler Reichskanzler und erster Vizekanzler in Hitlers Kabinett Franz von Papen
33%
In dieser Stadt im Märkischen Kreis ist das Schwimmbad AquaMagis mit der ersten Looping-Wasserrutsche Deutschlands Plettenberg
29%
Biermarke aus Oelde im Münsterland (u.a. Pilsener, Landbier, Prinzipal) Pott`s
22%
Dortmunder Schauspieler (Der Dicke, Bloch) Dieter Pfaff
12%
Regionale Wurstspezialität, die aus Schweinefleisch, Blut und Buchweizenmehl besteht Panhas
12%
Kabarett-Theater in Bonn-Beuel, in dem auch jährlich ein renommierter Kabarett-Preis Pantheon
12%
Dortmunder Spezialität aus geschmortem Zwiebeln und Rindfleisch, die mit Kartoffeln und Sauren Gurken gegessen wird Pfefferpotthast
8%
Keine übereinstimmenden Quizze gefunden
Verteilung der Resultate
Anzahl Personen mit jedem Resultat
Perzentil nach korrekt beantworteten Fragen
Ihre Resultats-Entwicklung
Sie haben dieses Quiz noch nicht gespielt